Génesis del estado y de sus instituciones fundamentales. Introducción al estudio de Derecho Público

Saved in:
Bibliographic Details
Main Author: Letelier Madariaga, Valentín (Author)
Format: Book
Language:Spanish
Published: Buenos Aires Cabaut 1917
Subjects:
Tags: Add Tag
No Tags, Be the first to tag this record!

MARC

LEADER 00000nam a2200000 a 4500
001 UCT6380
003 CL-VaPUC
008 970106e19170000AG |||||||||||||||||spa|d
082 0 4 |a 320.101  |b LET  |2 21 
100 |a Letelier Madariaga, Valentín   |e author  |9 351363 
245 1 0 |a Génesis del estado y de sus instituciones fundamentales. Introducción al estudio de Derecho Público 
300 |a 804 p 
942 |c BK 
945 |d 19970106 00:00:00  |a lriquelm 
260 |a Buenos Aires  |b Cabaut  |c 1917 
650 0 |a Estado  |9 255503 
650 0 |a Ciencias Políticas  |9 255201 
650 0 |a Población  |9 257577 
650 0 |a Derecho de los estados   |9 335493 
650 0 |a Soberanía  |9 266726 
650 0 |a Territorio  |9 378883 
650 0 |a Ciudades  |9 265474 
650 0 |a Poder legislativo  |9 258808 
650 0 |a Gobierno   |9 255508 
650 0 |a Justicia   |9 255408 
650 7 |a POLICIA  |2 CL-VaPUC  |9 313500 
650 0 |a Función pública  |9 343165 
650 0 |a Administración pública   |9 255343 
583 |a last modification  |c 19970106 00:00:00  |k Rodrigo Vera 
999 |c 331246  |d 331244 
952 |0 0  |1 0  |4 0  |6 320_101000000000000_LET_1917  |7 0  |8 A  |9 417538  |a BIBDER  |b BIBDER  |d 2019-11-22  |i 1798995  |o 320.101 LET 1917  |p 1798995  |r 2023-01-25  |w 2019-11-22  |y BK  |k DER